Spoločný konsolidovaný základ dane pre podniky

Dôvody vzniku návrhu smernice o spoločnom konsolidovanom základe dane a rozsah pôsobnosti Rozsah pôsobnosti smernice o CCCTB. Podmienky pre spoločnosti v tretích krajinách. Voľba systému uplatňovania smernice a spôsob výpočtu základu dane. Konsolidácia a mechanizmus prisudzovania konsolidovaného zák...

Descrizione completa

Salvato in:
Dettagli Bibliografici
Autore principale: Domonkos, Tomáš
Altri autori: Jánošová, Miroslava
Natura: Capitolo di libro
Lingua:slovacco
Soggetti:
Tags: Aggiungi Tag
Nessun Tag, puoi essere il primo ad aggiungerne!!

MARC

LEADER 00000naa a2200000 4500
001 0181490
005 20240502073119.6
041 0 |a slo 
044 |a SK 
245 1 0 |a Spoločný konsolidovaný základ dane pre podniky  |c Tomáš Domonkos, Miroslava Jánošová 
520 |a Dôvody vzniku návrhu smernice o spoločnom konsolidovanom základe dane a rozsah pôsobnosti Rozsah pôsobnosti smernice o CCCTB. Podmienky pre spoločnosti v tretích krajinách. Voľba systému uplatňovania smernice a spôsob výpočtu základu dane. Konsolidácia a mechanizmus prisudzovania konsolidovaného základu dane. 
610 2 0 |a dane z príjmov 
610 2 0 |a konsolidácia 
610 2 0 |a smernice 
610 2 0 |a základ dane 
610 2 0 |a podnik 
610 2 0 |a osoby právnické 
610 2 0 |a smernice 
610 2 0 |a harmonizácia 
610 2 0 |a spolupráca cezhraničná 
100 1 |a Domonkos, Tomáš 
700 1 |a Jánošová, Miroslava